30 seconds - Maghreb - Statistics

General Stats
  • This quiz has been taken 58 times
    38 since last reset
  • The average score is 6 of 7
Answers on the Map
Answers color-coded by a green-red scale on the quiz's map according to % correct below.
 
Answer Stats
Path % Correct
Algeria
100%
Tunisia
100%
Morocco
97%
Libya
90%
Mauritania
87%
Western Sahara
83%
Spain - Ceuta, Melila and Peñon de Vélez
70%
No matching quizzes found
Score Distribution
Percent of People with Each Score
Percentile by Number Answered
Your Score History
You have not taken this quiz since the last reset